LIBRARY & INFORMATION CENTRE, KCAET, TAVANUR

ONLINE PUBLIC ACCESS CATALOGUE (OPAC)

Agricultural process engineering / (Record no. 14864)

MARC details
000 -LEADER
fixed length control field 00959cam a2200277 i 4500
001 - CONTROL NUMBER
control field 4598090
005 - DATE AND TIME OF LATEST TRANSACTION
control field 20170928140823.0
008 - FIXED-LENGTH DATA ELEMENTS--GENERAL INFORMATION
fixed length control field 770223s1976 ctuaf b 001 0 eng
010 ## - LIBRARY OF CONGRESS CONTROL NUMBER
LC control number 76021452
020 ## - INTERNATIONAL STANDARD BOOK NUMBER
International Standard Book Number 0870552120
040 ## - CATALOGING SOURCE
Original cataloging agency DLC
Transcribing agency DLC
Modifying agency DLC
050 00 - LIBRARY OF CONGRESS CALL NUMBER
Classification number S698
Item number .H4 1976
082 00 - DEWEY DECIMAL CLASSIFICATION NUMBER
Classification number 631.5/6
Item number HEN/AG
100 1# - MAIN ENTRY--PERSONAL NAME
Personal name Henderson, S. M.
Fuller form of name (Silas Milton),
Dates associated with a name 1909-
9 (RLIN) 2111
245 10 - TITLE STATEMENT
Title Agricultural process engineering /
Statement of responsibility, etc by S. M. Henderson and R. L. Perry.
250 ## - EDITION STATEMENT
Edition statement 3d ed.
260 ## - PUBLICATION, DISTRIBUTION, ETC. (IMPRINT)
Place of publication, distribution, etc Westport, Conn. :
Name of publisher, distributor, etc Avi Pub. Co.,
Date of publication, distribution, etc c1976.
300 ## - PHYSICAL DESCRIPTION
Extent xi, 442 p., [3] fold. leaves of plates :
Other physical details ill. ;
Dimensions 24 cm.
504 ## - BIBLIOGRAPHY, ETC. NOTE
Bibliography, etc Includes bibliographies and index.
650 #0 - SUBJECT ADDED ENTRY--TOPICAL TERM
Topical term or geographic name as entry element Agricultural processing.
9 (RLIN) 66
650 #0 - SUBJECT ADDED ENTRY--TOPICAL TERM
Topical term or geographic name as entry element Agricultural engineering.
9 (RLIN) 115
650 #0 - SUBJECT ADDED ENTRY--TOPICAL TERM
Topical term or geographic name as entry element Agricultural machinery.
9 (RLIN) 2112
700 1# - ADDED ENTRY--PERSONAL NAME
Personal name Perry, R. L.
Fuller form of name (Russell Lawrence),
Dates associated with a name 1904-
Relator term joint author.
9 (RLIN) 2113
906 ## - LOCAL DATA ELEMENT F, LDF (RLIN)
a 7
b cbc
c orignew
d 2
e ocip
f 19
g y-gencatlg
942 ## - ADDED ENTRY ELEMENTS (KOHA)
Source of classification or shelving scheme Dewey Decimal Classification
Koha item type Reference
Holdings
Withdrawn status Lost status Damaged status Home library Current library Shelving location Date acquired Source of acquisition Cost, normal purchase price Full call number Accession Number Koha item type
      KAUAET KAUAET General Stacks 30/03/2017 Neoti book Agency 6463.36 631.5/6 HEN/AG 25444 Books
      KAUAET KAUAET   07/10/2022     631.5/6 HEN/AG   Reference
free website counter